1453 1158 1313 1888 1463 1092 1997 1663 1901 1777 1169 1210 1806 1753 1782 1547 1425 1683 1012 1875 1096 1049 1210 1741 1275 1667 1102 1700 1668 1856 1870 1684 1108 1033 1938 1597 1875 1126 1357 1196 1385 1077 1742 1395 1230 1859 1655 1395 1909 1884 1336 1881 1125 1296 1875 1115 1356 1748 1970 1507 1394 1299 1908 1812 1121 1663 1174 1668 1550 1783 1456 1685 1090 1911 1575 1259 1783 1018 1252 1507 1524 1832 1713 2000 1463 1688 1680 1732 1804 1831 1059 1348 1649 1532 1195 1274 1208 1418 1606 BCNSPRNW ULIB Ver.6.0+V

เปลี่ยนเป็นภาษาไทย

Change to English
 แสดงรายละเอียดบรรณานุกรม
  กลับหน้าหลัก

Brief Record : Get Marc (ISO 2709) : E-mail record : QR code < ปิดหน้าต่าง
LEADER : 00000nam 2200000uu 4500
001    13399126292
003     ULIB
008    180904s2561||||th 000 0 tha d
020    ^a9789740337393^c320
060 04 ^aWK810 ^bว711ร
245 00 ^aโรคเบาหวานชนิดที่ 2/การป้องกันและการสนับสนุนการจัดการตนเอง /^cวิโรจน์ เจียมจรัสรังษี, บรรณาธิการและผู้นิพนธ์
250    ^aพิมพ์ครั้งที่ 1
260    ^a[กรุงเทพฯ] : ^bศูนย์หนังสือจุฬาลงกรณ์มหาวิทยาลัย,^c2561
300    ^a(18), 361 หน้า : ^bภาพประกอบ
504    ^aบรรณานุกรมท้ายบท
504    ^aดัชนีท้ายเล่ม
650  7 ^aเบาหวานชนิดไม่พึ่งอิซูลิน
650  7 ^aเบาหวานชนิดไม่พึ่งอินซูลิน--การป้องกันและควบคุม
945    ^p320^l0^i26502
945    ^p320^l0^i26501
999    ^aกัณชพร จุลอักษร
รายการนี้ยังไม่มีแท็ก
คุณยังไม่ได้ล็อกอิน คุณสามารถมีกิจกรรมร่วมกับเว็บไซต์ได้ แต่ต้องล็อกอินก่อน ::
  ล็อกอิน

รายการสื่อสารสนเทศ

ลำดับที่ ประเภท เลขเรียก/บาร์โค้ด สถานที่ สถานะ
1. หนังสือสำรอง
หนังสือสำรอง
WK810 ว711ร ฉ.1 
  Barcode: 26501
ห้องสมุดวิทยาเขตนครสวรรค์
►หนังสือทั่วไป:l:General Books
บนชั้น
2. วิทยาศาสตร์การแพทย์ และสุขภาพ
วิทยาศาสตร์การแพทย์ และสุขภาพ
WK810 ว711ร ฉ.2 
  Barcode: 26502
ห้องสมุดวิทยาเขตนครสวรรค์
►หนังสือทั่วไป:l:General Books
บนชั้น

รายการใกล้เคียง
    หัวเรื่อง [เบาหวานชนิดไม่พึ่งอิซูลิน]
    หัวเรื่อง [เบาหวานชนิดไม่พึ่งอินซูลิน--การป้องกันและควบคุม]

BibComment


ยังไม่เคยถูกคอมเมนท์

คอมเมนท์ทรัพยากรรายการนี้
  คอมเมนท์: โรคเบาหวานชนิดที..


 Copyright 2026. Bcnsprnw @Library